Click the Medieval Person Quiz Stats

 Plays Quiz Updated Oct 10, 2016

Score 0/20 Timer 04:00
4 Plays Today
% Correct
Joan of Arc
95.3%
Christopher Columbus
82.3%
Erik the Red
82%
Richard the Lionheart
77.1%
Kublai Khan
75.4%
Saladin
73%
Christine de Pizan
67.7%
Geoffrey Chaucer
67%
Francis of Assisi
65.9%
Túpac Inca Yupanqui
62.9%
% Correct
Isabella of France
62.5%
Pope Urban II
56.8%
Dante Alighieri
55.9%
Moctezuma I
53.8%
Marco Polo
52.9%
Johannes Gutenberg
51.5%
El Cid
50.4%
Charlemagne
50.4%
William the Conqueror
48.5%
Edward Longshanks
33%

You're not logged in!

Compare scores with friends on all Sporcle quizzes.
OR
Log In

Sporcle TV

Today on Sporcle TV


Watch our educational content, quiz creation guides, and fun videos on Sporcle TV.

Show Comments

Extras

Top Quizzes Today


Score Distribution

Your Account Isn't Verified!

In order to create a playlist on Sporcle, you need to verify the email address you used during registration. Go to your Sporcle Settings to finish the process.

Report this User

Report this user for behavior that violates our Community Guidelines.

Details: